000 00490nam a22001817a 4500
005 20241022145002.0
008 241022b |||||||| |||| 00| 0 eng d
020 _a978332555082
082 _a621.381
_bSTR-S
100 _aStreetman, Ben G.
245 _aSolid state electronic device /
_cSanjay Kumar Benerjee
250 _a7th ed.
260 _aUSA:
_bPearson;
_c2019.
300 _axiv, 624 p. :
_bill;
_c24 cm.
500 _ainclude iindex.
650 _aElectronics
999 _c36704
_d36704